000 00542nam a2200217 a 4500
001 0001-2123
003 ELIB.Books
008 190724 2010 eng
020 _a0805411445
092 _a251
_bMil
100 _aMiller, Calvin.
245 _aThe Empower Communicator
260 _aNashville
_bBroadman & Holman
_c1994
300 _a218
_c24cm
650 _aPreaching
856 _nKBTS Library
_uKBTS Elib
942 _2ddc
_cBK
990 _a1
998 _aEnglishbooks.elf
_ccat
_e2019-07-24
999 _c12123
_d12123